[Event "HUN-chT Youth-Children 2018"]
[Site "Zalakaros"]
[Date "2018.07.28"]
[Round "6"]
[White "Gombocz, Zsofia"]
[Black "Pasti, Anna"]
[Result "1-0"]
[WhiteElo "1996"]
[BlackElo "1821"]
[Annotator "NA"]
[PlyCount "43"]
[EventDate "2018.07.26"]
[EventType "team-tourn"]
[EventCountry "HUN"]
[SourceTitle "playchess.com"]
[Source "ChessBase"]
[SourceQuality "1"]
[TimeControl "5400+30"]

1. e4 {[%emt 0:00:00]} c5 {[%emt 0:00:05]} 2. Nf3 {[%emt 0:00:00]} e6 {[%emt 0:00:05]} 3. c4 {[%emt 0:00:00]} Nc6 {[%emt 0:00:23]} 4. Nc3 {[%emt 0:00:55]} a6 {[%emt 0:00:35]} 5. Be2 {[%emt 0:01:20]} Qc7 {[%emt 0:00:25]} 6. O-O {[%emt 0:01:02]} Nf6 {[%emt 0:01:45]} 7. d4 {[%emt 0:01:12]} cxd4 {[%emt 0:00:52]} 8. Nxd4 {[%emt 0:00:11]} Bd6 {[%emt 0:02:55]} 9. h3 {[%emt 0:09:57]} Be5 {[%emt 0:08:37]} 10. Be3 {[%emt 0:05:13]} O-O {[%emt 0:04:03]} 11. Rc1 {[%emt 0:04:05]} Qd6 {[%emt 0:04:46]} 12. c5 {[%emt 0:09:00]} Qe7 {[%emt 0:05:47]} 13. f4 {[%emt 0:04:54]} Bxd4 {[%emt 0:05:04]} 14. Bxd4 {[%emt 0:00:14]} Nxd4 {[%emt 0:04:33]} 15. Qxd4 {[%emt 0:00:10]} Rd8 {[%emt 0:01:56]} 16. Rfd1 {[%emt 0:06:53]} Ne8 {[%emt 0:02:08]} 17. e5 {[%emt 0:02:58]} f6 {[%emt 0:01:25]} 18. Ne4 {[%emt 0:06:47]} Rb8 {[%emt 0:02:41]} 19. Bf3 {[%emt 0:06:53]} Kh8 {[%emt 0:05:35]} 20. Nd6 {[%emt 0:03:05]} Nxd6 {[%emt 0:01:40]} 21. cxd6 {[%emt 0:00:14]} Qf8 {[%emt 0:00:51]} 22. Qa7 {[%emt 0:00:08]} 1-0

[Event "HUN-chT Youth-Children 2018"]
[Site "Zalakaros"]
[Date "2018.07.28"]
[Round "6"]
[White "Haselbach, David"]
[Black "Krstulovic, Alex"]
[Result "0-1"]
[WhiteElo "1996"]
[BlackElo "2289"]
[Annotator "NA"]
[PlyCount "94"]
[EventDate "2018.07.26"]
[EventType "team-tourn"]
[EventCountry "HUN"]
[SourceTitle "playchess.com"]
[Source "ChessBase"]
[SourceQuality "1"]
[TimeControl "5400+30"]

1. e4 {[%emt 0:00:00]} e5 {[%emt 0:00:24]} 2. Nf3 {[%emt 0:00:00]} Nc6 {[%emt 0:00:06]} 3. Nc3 {[%emt 0:00:00]} Nf6 {[%emt 0:00:14]} 4. Be2 {[%emt 0:00:00]} d5 {[%emt 0:00:45]} 5. exd5 {[%emt 0:00:00]} Nxd5 {[%emt 0:00:06]} 6. O-O {[%emt 0:00:03]} Nxc3 {[%emt 0:00:14]} 7. bxc3 {[%emt 0:00:05]} Bd6 {[%emt 0:00:07]} 8. d4 {[%emt 0:01:32]} exd4 {[%emt 0:01:39]} 9. cxd4 {[%emt 0:01:13]} O-O {[%emt 0:00:53]} 10. Bg5 {[%emt 0:24:22]} Be7 {[%emt 0:09:08]} 11. Be3 {[%emt 0:08:46]} Bf5 {[%emt 0:06:35]} 12. Rb1 {[%emt 0:06:58]} Nb4 {[%emt 0:23:41]} 13. Rb2 {[%emt 0:00:41]} b6 {[%emt 0:06:57]} 14. c4 {[%emt 0:03:15]} c5 {[%emt 0:00:54]} 15. a3 {[%emt 0:00:26]} Na6 {[%emt 0:02:56]} 16. d5 {[%emt 0:00:37]} Bd6 {[%emt 0:02:18]} 17. Qd2 {[%emt 0:01:19]} Qc7 {[%emt 0:02:02]} 18. h3 {[%emt 0:01:49]} Rae8 {[%emt 0:01:52]} 19. Bd3 {[%emt 0:03:55]} Qc8 {[%emt 0:05:19]} 20. Qc2 {[%emt 0:01:42]} Bg6 {[%emt 0:02:31]} 21. Bxg6 {[%emt 0:01:50]} hxg6 {[%emt 0:00:36]} 22. Re1 {[%emt 0:01:45]} Re7 {[%emt 0:04:07]} 23. Qd3 {[%emt 0:02:13]} Rfe8 {[%emt 0:04:22]} 24. Rbe2 {[%emt 0:01:29]} Nc7 {[%emt 0:01:13]} 25. Bd2 {[%emt 0:03:54]} Rxe2 {[%emt 0:01:02]} 26. Rxe2 {[%emt 0:00:04]} Rxe2 {[%emt 0:00:09]} 27. Qxe2 {[%emt 0:00:04]} Qa6 {[%emt 0:02:00]} 28. Bc1 {[%emt 0:01:42]} Qa4 {[%emt 0:01:32]} 29. Ng5 {[%emt 0:01:51]} Qb3 {[%emt 0:04:39]} 30. Ne4 {[%emt 0:06:41]} Qb1 {[%emt 0:00:22]} 31. Nxd6 {[%emt 0:00:29]} Qxc1+ {[%emt 0:00:05]} 32. Qf1 {[%emt 0:00:04]} Qxa3 {[%emt 0:04:11]} 33. Qe1 {[%emt 0:00:30]} f6 {[%emt 0:02:42]} 34. g3 {[%emt 0:08:50]} b5 {[%emt 0:08:04]} 35. Qe7 {[%emt 0:04:38]} Qa5 {[%emt 0:00:04]} 36. cxb5 {[%emt 0:02:11]} Kh7 {[%emt 0:01:15]} 37. Nf7 {[%emt 0:07:50]} Nxd5 {[%emt 0:00:57]} 38. Qe8 {[%emt 0:00:26]} g5 {[%emt 0:01:45]} 39. g4 {[%emt 0:00:24]} Nf4 {[%emt 0:01:15]} 40. Qe4+ {[%emt 0:00:38]} Kg8 {[%emt 0:00:47]} 41. Qe8+ {[%emt 0:00:04]} Kh7 {[%emt 0:00:03]} 42. Qe4+ {[%emt 0:00:03]} Ng6 {[%emt 0:01:00]} 43. h4 {[%emt 0:02:05]} Qa1+ {[%emt 0:00:33]} 44. Kh2 {[%emt 0:01:07]} Qa2 {[%emt 0:00:08]} 45. Nxg5+ {[%emt 0:00:56]} fxg5 {[%emt 0:00:05]} 46. h5 {[%emt 0:00:14]} Qxf2+ {[%emt 0:00:06]} 47. Kh3 {[%emt 0:00:08]} Qf1+ {[%emt 0:00:05]} 0-1

[Event "HUN-chT Youth-Children 2018"]
[Site "Zalakaros"]
[Date "2018.07.28"]
[Round "6"]
[White "Kratzmajer, Akos Gyorgy"]
[Black "Ugroczky, Peter"]
[Result "1/2-1/2"]
[WhiteElo "1972"]
[BlackElo "2247"]
[Annotator "NA"]
[PlyCount "69"]
[EventDate "2018.07.26"]
[EventType "team-tourn"]
[EventCountry "HUN"]
[SourceTitle "playchess.com"]
[Source "ChessBase"]
[SourceQuality "1"]
[TimeControl "5400+30"]

1. e4 {[%emt 0:00:00]} c5 {[%emt 0:00:07]} 2. c4 {[%emt 0:00:00]} Nc6 {[%emt 0:00:16]} 3. Ne2 {[%emt 0:00:00]} g6 {[%emt 0:01:11]} 4. d4 {[%emt 0:00:00]} cxd4 {[%emt 0:00:15]} 5. Nxd4 {[%emt 0:00:00]} Bg7 {[%emt 0:00:21]} 6. Be3 {[%emt 0:00:00]} Nf6 {[%emt 0:01:26]} 7. Nc3 {[%emt 0:00:08]} d6 {[%emt 0:00:17]} 8. Be2 {[%emt 0:00:16]} O-O {[%emt 0:00:34]} 9. O-O {[%emt 0:00:06]} a6 {[%emt 0:04:08]} 10. Qd2 {[%emt 0:06:47]} Qc7 {[%emt 0:02:32]} 11. f4 {[%emt 0:00:36]} Bg4 {[%emt 0:04:20]} 12. Nd5 {[%emt 0:13:37]} Nxd5 {[%emt 0:00:24]} 13. exd5 {[%emt 0:00:30]} Nxd4 {[%emt 0:01:39]} 14. Bxg4 {[%emt 0:01:27]} Qxc4 {[%emt 0:00:06]} 15. Rfd1 {[%emt 0:01:06]} Nb5 {[%emt 0:09:38]} 16. a4 {[%emt 0:08:15]} Na7 {[%emt 0:00:15]} 17. Qf2 {[%emt 0:03:16]} Nc8 {[%emt 0:01:22]} 18. a5 {[%emt 0:07:52]} e5 {[%emt 0:08:32]} 19. dxe6 {[%emt 0:04:24]} fxe6 {[%emt 0:00:13]} 20. Rac1 {[%emt 0:01:58]} Qb3 {[%emt 0:00:59]} 21. Rc7 {[%emt 0:06:32]} Rf7 {[%emt 0:02:46]} 22. Rxf7 {[%emt 0:05:37]} Kxf7 {[%emt 0:00:07]} 23. Bd4 {[%emt 0:00:24]} h5 {[%emt 0:04:34]} 24. Bf3 {[%emt 0:03:38]} Bxd4 {[%emt 0:05:27]} 25. Qxd4 {[%emt 0:00:17]} Ne7 {[%emt 0:02:08]} 26. Qxd6 {[%emt 0:03:15]} Qxb2 {[%emt 0:09:53]} 27. Re1 {[%emt 0:05:26]} Qb3 {[%emt 0:06:11]} 28. Qd7 {[%emt 0:01:44]} Rc8 {[%emt 0:01:19]} 29. f5 {[%emt 0:03:45]} gxf5 {[%emt 0:03:21]} 30. Bxh5+ {[%emt 0:02:23]} Kf8 {[%emt 0:00:38]} 31. Qd2 {[%emt 0:03:24]} Ng8 {[%emt 0:02:10]} 32. Qd6+ {[%emt 0:00:59]} Ne7 {[%emt 0:00:10]} 33. Qe5 {[%emt 0:00:44]} Ng8 {[%emt 0:01:39]} 34. Qd6+ {[%emt 0:17:23]} Ne7 {[%emt 0:00:07]} 35. Qe5 {[%emt 0:00:05]} 1/2-1/2

[Event "HUN-chT Youth-Children 2018"]
[Site "Zalakaros"]
[Date "2018.07.28"]
[Round "6"]
[White "Reviczki, Roland"]
[Black "Pribelszky, Bence"]
[Result "1-0"]
[WhiteElo "1931"]
[BlackElo "2245"]
[Annotator "NA"]
[PlyCount "71"]
[EventDate "2018.07.26"]
[EventType "team-tourn"]
[EventCountry "HUN"]
[SourceTitle "playchess.com"]
[Source "ChessBase"]
[SourceQuality "1"]
[TimeControl "5400+30"]

1. e4 {[%emt 0:00:00]} c5 {[%emt 0:00:09]} 2. Nf3 {[%emt 0:00:00]} e6 {[%emt 0:00:12]} 3. d4 {[%emt 0:00:00]} cxd4 {[%emt 0:00:11]} 4. Nxd4 {[%emt 0:00:01]} Nc6 {[%emt 0:00:14]} 5. Nb5 {[%emt 0:11:27]} d6 {[%emt 0:00:40]} 6. c4 {[%emt 0:00:36]} Nf6 {[%emt 0:00:29]} 7. N1c3 {[%emt 0:01:03]} a6 {[%emt 0:00:18]} 8. Nd4 {[%emt 0:01:41]} Qa5 {[%emt 0:15:18]} 9. Nb3 {[%emt 0:09:47]} Qc7 {[%emt 0:01:46]} 10. f4 {[%emt 0:04:30]} Be7 {[%emt 0:11:57]} 11. Be3 {[%emt 0:00:51]} O-O {[%emt 0:02:41]} 12. Qf3 {[%emt 0:03:35]} b6 {[%emt 0:21:19]} 13. Rc1 {[%emt 0:07:40]} Nb8 {[%emt 0:09:11]} 14. g4 {[%emt 0:20:37]} Bb7 {[%emt 0:06:51]} 15. Bg2 {[%emt 0:01:43]} Nfd7 {[%emt 0:07:16]} 16. Qe2 {[%emt 0:01:40]} Bh4+ {[%emt 0:04:58]} 17. Kf1 {[%emt 0:03:41]} Be7 {[%emt 0:02:54]} 18. h4 {[%emt 0:02:29]} Nc5 {[%emt 0:02:14]} 19. g5 {[%emt 0:07:16]} Nc6 {[%emt 0:07:44]} 20. Nd4 {[%emt 0:08:34]} Nxd4 {[%emt 0:03:10]} 21. Bxd4 {[%emt 0:00:34]} b5 {[%emt 0:00:44]} 22. f5 {[%emt 0:06:25]} exf5 {[%emt 0:00:35]} 23. exf5 {[%emt 0:01:01]} Bxg2+ {[%emt 0:00:22]} 24. Qxg2 {[%emt 0:01:01]} Nd3 {[%emt 0:00:45]} 25. Nd5 {[%emt 0:00:36]} Qd7 {[%emt 0:00:28]} 26. Nf6+ {[%emt 0:00:21]} Bxf6 {[%emt 0:00:22]} 27. gxf6 {[%emt 0:00:47]} Qxf5+ {[%emt 0:00:28]} 28. Kg1 {[%emt 0:01:51]} g6 {[%emt 0:00:38]} 29. Rf1 {[%emt 0:01:49]} Qh5 {[%emt 0:00:25]} 30. cxb5 {[%emt 0:00:42]} axb5 {[%emt 0:00:19]} 31. Rh3 {[%emt 0:01:32]} Ne5 {[%emt 0:00:50]} 32. Bxe5 {[%emt 0:00:28]} Qxe5 {[%emt 0:00:30]} 33. Qd2 {[%emt 0:01:00]} Rxa2 {[%emt 0:00:27]} 34. Qh6 {[%emt 0:00:44]} Qd4+ {[%emt 0:00:27]} 35. Kh1 {[%emt 0:00:19]} Qe4+ {[%emt 0:00:34]} 36. Rhf3 {[%emt 0:00:18]} 1-0

[Event "HUN-chT Youth-Children 2018"]
[Site "Zalakaros"]
[Date "2018.07.28"]
[Round "6"]
[White "Forgacs, Attila Jr"]
[Black "Lerant, Boglarka"]
[Result "1-0"]
[WhiteElo "1911"]
[BlackElo "1537"]
[Annotator "NA"]
[PlyCount "97"]
[EventDate "2018.07.26"]
[EventType "team-tourn"]
[EventCountry "HUN"]
[SourceTitle "playchess.com"]
[Source "ChessBase"]
[SourceQuality "1"]
[TimeControl "5400+30"]

1. e4 {[%emt 0:00:00]} e5 {[%emt 0:00:08]} 2. Nf3 {[%emt 0:00:00]} Nc6 {[%emt 0:00:31]} 3. Bb5 {[%emt 0:00:00]} Bc5 {[%emt 0:00:34]} 4. c3 {[%emt 0:00:17]} a6 {[%emt 0:01:09]} 5. Ba4 {[%emt 0:00:22]} Nf6 {[%emt 0:01:23]} 6. O-O {[%emt 0:04:05]} b5 {[%emt 0:03:01]} 7. Bc2 {[%emt 0:00:15]} d6 {[%emt 0:02:18]} 8. d4 {[%emt 0:02:30]} exd4 {[%emt 0:00:15]} 9. cxd4 {[%emt 0:00:14]} Bb6 {[%emt 0:00:16]} 10. h3 {[%emt 0:02:06]} h6 {[%emt 0:00:25]} 11. Re1 {[%emt 0:06:28]} O-O {[%emt 0:04:05]} 12. a4 {[%emt 0:10:25]} b4 {[%emt 0:07:21]} 13. e5 {[%emt 0:08:22]} dxe5 {[%emt 0:01:15]} 14. dxe5 {[%emt 0:00:26]} Qxd1 {[%emt 0:01:17]} 15. Rxd1 {[%emt 0:00:09]} Nh7 {[%emt 0:01:13]} 16. Bf4 {[%emt 0:05:13]} Bb7 {[%emt 0:03:08]} 17. Be4 {[%emt 0:03:09]} Rad8 {[%emt 0:06:04]} 18. Nbd2 {[%emt 0:01:21]} f5 {[%emt 0:04:18]} 19. Bxc6 {[%emt 0:08:39]} Bxc6 {[%emt 0:00:19]} 20. a5 {[%emt 0:02:30]} Bxf3 {[%emt 0:05:29]} 21. Nxf3 {[%emt 0:02:00]} Rxd1+ {[%emt 0:00:36]} 22. Rxd1 {[%emt 0:00:01]} Bxa5 {[%emt 0:00:46]} 23. Ra1 {[%emt 0:00:29]} Bb6 {[%emt 0:01:00]} 24. Rxa6 {[%emt 0:01:13]} Re8 {[%emt 0:02:32]} 25. Bd2 {[%emt 0:04:20]} b3 {[%emt 0:05:02]} 26. Ra3 {[%emt 0:04:28]} Rb8 {[%emt 0:00:21]} 27. Bc3 {[%emt 0:03:16]} g5 {[%emt 0:08:12]} 28. Nd2 {[%emt 0:01:43]} g4 {[%emt 0:00:38]} 29. Kf1 {[%emt 0:05:40]} gxh3 {[%emt 0:01:31]} 30. gxh3 {[%emt 0:00:12]} Ng5 {[%emt 0:00:27]} 31. h4 {[%emt 0:02:42]} Nh3 {[%emt 0:00:53]} 32. Rxb3 {[%emt 0:01:14]} Kf7 {[%emt 0:05:17]} 33. Bd4 {[%emt 0:04:31]} Nf4 {[%emt 0:01:27]} 34. Bxb6 {[%emt 0:00:34]} cxb6 {[%emt 0:00:34]} 35. Rf3 {[%emt 0:07:59]} Nd5 {[%emt 0:05:57]} 36. Rxf5+ {[%emt 0:03:44]} Ke6 {[%emt 0:00:15]} 37. Rf3 {[%emt 0:01:40]} Kxe5 {[%emt 0:00:58]} 38. Rg3 {[%emt 0:01:40]} Rf8 {[%emt 0:03:56]} 39. b3 {[%emt 0:01:21]} b5 {[%emt 0:00:34]} 40. Kg1 {[%emt 0:01:50]} Rf4 {[%emt 0:02:03]} 41. Rg6 {[%emt 0:00:58]} Rf6 {[%emt 0:02:57]} 42. Rxf6 {[%emt 0:00:11]} Kxf6 {[%emt 0:00:41]} 43. Kg2 {[%emt 0:00:36]} Kf5 {[%emt 0:00:47]} 44. Kf3 {[%emt 0:00:14]} b4 {[%emt 0:01:16]} 45. Nf1 {[%emt 0:00:50]} Ke5 {[%emt 0:02:54]} 46. Ne3 {[%emt 0:01:06]} Nf4 {[%emt 0:02:35]} 47. Ng4+ {[%emt 0:00:55]} Kd4 {[%emt 0:01:18]} 48. Kxf4 {[%emt 0:00:13]} Kc3 {[%emt 0:00:07]} 49. Ne3 {[%emt 0:00:16]} 1-0

[Event "HUN-chT Youth-Children 2018"]
[Site "Zalakaros"]
[Date "2018.07.28"]
[Round "6"]
[White "Farkas, Otto Jr"]
[Black "Pasti, Aron"]
[Result "1/2-1/2"]
[WhiteElo "1880"]
[BlackElo "2069"]
[Annotator "NA"]
[PlyCount "80"]
[EventDate "2018.07.26"]
[EventType "team-tourn"]
[EventCountry "HUN"]
[SourceTitle "playchess.com"]
[Source "ChessBase"]
[SourceQuality "1"]
[TimeControl "5400+30"]

1. e4 {[%emt 0:00:00]} e5 {[%emt 0:00:03]} 2. Nf3 {[%emt 0:00:00]} Nc6 {[%emt 0:00:03]} 3. Bb5 {[%emt 0:00:00]} a6 {[%emt 0:00:04]} 4. Ba4 {[%emt 0:00:00]} Nf6 {[%emt 0:00:03]} 5. O-O {[%emt 0:00:00]} Be7 {[%emt 0:00:02]} 6. Re1 {[%emt 0:00:08]} b5 {[%emt 0:00:03]} 7. Bb3 {[%emt 0:00:04]} d6 {[%emt 0:00:05]} 8. h3 {[%emt 0:00:10]} Na5 {[%emt 0:02:55]} 9. c3 {[%emt 0:00:05]} Nxb3 {[%emt 0:00:13]} 10. axb3 {[%emt 0:00:07]} O-O {[%emt 0:00:23]} 11. d3 {[%emt 0:00:26]} Ne8 {[%emt 0:01:22]} 12. Nbd2 {[%emt 0:02:31]} f5 {[%emt 0:00:29]} 13. exf5 {[%emt 0:00:29]} Bxf5 {[%emt 0:00:09]} 14. d4 {[%emt 0:00:17]} exd4 {[%emt 0:08:02]} 15. Nxd4 {[%emt 0:00:08]} Bd7 {[%emt 0:02:11]} 16. Qe2 {[%emt 0:03:14]} Bg5 {[%emt 0:03:38]} 17. N2f3 {[%emt 0:00:19]} Bxc1 {[%emt 0:00:06]} 18. Raxc1 {[%emt 0:00:14]} Nf6 {[%emt 0:00:57]} 19. Ne6 {[%emt 0:00:50]} Bxe6 {[%emt 0:01:11]} 20. Qxe6+ {[%emt 0:00:14]} Kh8 {[%emt 0:00:04]} 21. b4 {[%emt 0:06:03]} Re8 {[%emt 0:03:39]} 22. Qb3 {[%emt 0:00:08]} Qd7 {[%emt 0:00:21]} 23. Ng5 {[%emt 0:00:30]} d5 {[%emt 0:00:10]} 24. Nf3 {[%emt 0:01:46]} Ne4 {[%emt 0:01:28]} 25. Rcd1 {[%emt 0:00:53]} c6 {[%emt 0:00:53]} 26. Qc2 {[%emt 0:01:05]} Rad8 {[%emt 0:07:47]} 27. b3 {[%emt 0:00:44]} Qc8 {[%emt 0:06:35]} 28. Nd2 {[%emt 0:02:10]} Nxd2 {[%emt 0:01:52]} 29. Qxd2 {[%emt 0:00:16]} h6 {[%emt 0:02:09]} 30. Rxe8+ {[%emt 0:00:20]} Rxe8 {[%emt 0:00:05]} 31. Re1 {[%emt 0:00:05]} Rxe1+ {[%emt 0:01:41]} 32. Qxe1 {[%emt 0:00:09]} c5 {[%emt 0:00:07]} 33. bxc5 {[%emt 0:01:28]} Qxc5 {[%emt 0:00:07]} 34. Qe8+ {[%emt 0:00:13]} Kh7 {[%emt 0:00:56]} 35. Qe5 {[%emt 0:00:16]} a5 {[%emt 0:01:09]} 36. b4 {[%emt 0:12:49]} axb4 {[%emt 0:00:07]} 37. cxb4 {[%emt 0:00:05]} Qxb4 {[%emt 0:00:06]} 38. Qf5+ {[%emt 0:00:03]} Kg8 {[%emt 0:01:06]} 39. Qxd5+ {[%emt 0:00:13]} Kf8 {[%emt 0:00:11]} 40. Qf5+ {[%emt 0:00:12]} Kg8 {[%emt 0:00:43]} 1/2-1/2

[Event "HUN-chT Youth-Children 2018"]
[Site "Zalakaros"]
[Date "2018.07.28"]
[Round "6"]
[White "Monduk, Ferenc"]
[Black "Juhasz, Judit"]
[Result "0-1"]
[WhiteElo "1870"]
[BlackElo "1877"]
[Annotator "NA"]
[PlyCount "84"]
[EventDate "2018.07.26"]
[EventType "team-tourn"]
[EventCountry "HUN"]
[SourceTitle "playchess.com"]
[Source "ChessBase"]
[SourceQuality "1"]
[TimeControl "5400+30"]

1. d4 {[%emt 0:00:00]} Nf6 {[%emt 0:00:08]} 2. c4 {[%emt 0:00:00]} g6 {[%emt 0:00:05]} 3. Nc3 {[%emt 0:00:00]} Bg7 {[%emt 0:00:08]} 4. e4 {[%emt 0:00:00]} d6 {[%emt 0:00:05]} 5. Nf3 {[%emt 0:00:00]} Bg4 {[%emt 0:00:17]} 6. Be2 {[%emt 0:00:33]} O-O {[%emt 0:00:13]} 7. O-O {[%emt 0:00:26]} Nfd7 {[%emt 0:00:14]} 8. h3 {[%emt 0:00:51]} Bxf3 {[%emt 0:00:14]} 9. Bxf3 {[%emt 0:00:07]} Nc6 {[%emt 0:00:45]} 10. Be3 {[%emt 0:01:08]} e5 {[%emt 0:01:35]} 11. d5 {[%emt 0:01:23]} Nd4 {[%emt 0:10:47]} 12. Be2 {[%emt 0:12:38]} a5 {[%emt 0:12:41]} 13. Rb1 {[%emt 0:05:27]} Nc5 {[%emt 0:00:59]} 14. b3 {[%emt 0:14:39]} c6 {[%emt 0:01:45]} 15. a3 {[%emt 0:00:36]} cxd5 {[%emt 0:04:15]} 16. cxd5 {[%emt 0:00:44]} Qe7 {[%emt 0:18:44]} 17. b4 {[%emt 0:01:26]} axb4 {[%emt 0:00:09]} 18. axb4 {[%emt 0:00:02]} Nd7 {[%emt 0:00:32]} 19. Nb5 {[%emt 0:00:51]} Rfc8 {[%emt 0:08:19]} 20. Bd3 {[%emt 0:21:14]} Nb6 {[%emt 0:03:16]} 21. Rc1 {[%emt 0:04:21]} Qd7 {[%emt 0:18:40]} 22. Bxd4 {[%emt 0:04:25]} Rxc1 {[%emt 0:02:09]} 23. Qxc1 {[%emt 0:00:04]} exd4 {[%emt 0:00:04]} 24. Qd2 {[%emt 0:04:02]} Rc8 {[%emt 0:09:13]} 25. Rc1 {[%emt 0:07:55]} Rxc1+ {[%emt 0:03:48]} 26. Qxc1 {[%emt 0:00:02]} Kf8 {[%emt 0:00:29]} 27. Kf1 {[%emt 0:04:54]} Na4 {[%emt 0:02:23]} 28. Qf4 {[%emt 0:01:21]} Ke7 {[%emt 0:01:00]} 29. Qd2 {[%emt 0:06:08]} Nc3 {[%emt 0:01:10]} 30. Na3 {[%emt 0:00:39]} Qa4 {[%emt 0:00:22]} 31. Nc2 {[%emt 0:00:05]} Qb3 {[%emt 0:00:43]} 32. g3 {[%emt 0:00:28]} Nb1 {[%emt 0:00:28]} 33. Qe2 {[%emt 0:01:09]} Qc3 {[%emt 0:00:23]} 34. Kg2 {[%emt 0:00:46]} Nd2 {[%emt 0:00:39]} 35. b5 {[%emt 0:02:41]} Nb3 {[%emt 0:00:25]} 36. Ne1 {[%emt 0:00:43]} Nc1 {[%emt 0:00:24]} 37. Qd1 {[%emt 0:00:27]} Bh6 {[%emt 0:00:44]} 38. Bf1 {[%emt 0:00:57]} Qb2 {[%emt 0:00:41]} 39. Nc2 {[%emt 0:01:13]} Nb3 {[%emt 0:00:27]} 40. Bd3 {[%emt 0:01:16]} Qc3 {[%emt 0:00:18]} 41. Bf1 {[%emt 0:01:06]} Bd2 {[%emt 0:00:37]} 42. Na3 {[%emt 0:01:42]} d3 {[%emt 0:00:34]} 0-1

[Event "HUN-chT Youth-Children 2018"]
[Site "Zalakaros"]
[Date "2018.07.28"]
[Round "6"]
[White "Lengyel, Andrea"]
[Black "Margl, Roland"]
[Result "0-1"]
[WhiteElo "1854"]
[BlackElo "2183"]
[Annotator "NA"]
[PlyCount "50"]
[EventDate "2018.07.26"]
[EventType "team-tourn"]
[EventCountry "HUN"]
[SourceTitle "playchess.com"]
[Source "ChessBase"]
[SourceQuality "1"]
[TimeControl "5400+30"]

1. d4 {[%emt 0:00:00]} d5 {[%emt 0:00:04]} 2. Nf3 {[%emt 0:00:00]} Nf6 {[%emt 0:00:04]} 3. c4 {[%emt 0:00:00]} e6 {[%emt 0:00:04]} 4. Nc3 {[%emt 0:00:00]} c5 {[%emt 0:00:05]} 5. cxd5 {[%emt 0:06:50]} Nxd5 {[%emt 0:00:04]} 6. e4 {[%emt 0:02:06]} Nxc3 {[%emt 0:00:10]} 7. bxc3 {[%emt 0:00:04]} cxd4 {[%emt 0:00:04]} 8. Bb5+ {[%emt 0:02:34]} Bd7 {[%emt 0:01:01]} 9. Bxd7+ {[%emt 0:00:28]} Nxd7 {[%emt 0:02:13]} 10. cxd4 {[%emt 0:08:02]} Bb4+ {[%emt 0:00:38]} 11. Bd2 {[%emt 0:00:53]} Bxd2+ {[%emt 0:00:08]} 12. Nxd2 {[%emt 0:04:03]} O-O {[%emt 0:01:18]} 13. f3 {[%emt 0:08:17]} Qh4+ {[%emt 0:12:40]} 14. g3 {[%emt 0:10:14]} Qh3 {[%emt 0:08:48]} 15. Kf2 {[%emt 0:02:57]} Rac8 {[%emt 0:08:15]} 16. Rc1 {[%emt 0:01:59]} e5 {[%emt 0:02:13]} 17. Nb3 {[%emt 0:14:16]} Qe6 {[%emt 0:27:48]} 18. Qd2 {[%emt 0:05:34]} f5 {[%emt 0:03:56]} 19. d5 {[%emt 0:18:48]} Qg6 {[%emt 0:01:57]} 20. Rxc8 {[%emt 0:04:40]} Rxc8 {[%emt 0:01:13]} 21. Qd3 {[%emt 0:02:03]} fxe4 {[%emt 0:04:03]} 22. fxe4 {[%emt 0:00:45]} Nf6 {[%emt 0:00:19]} 23. Nd2 {[%emt 0:01:35]} Ng4+ {[%emt 0:00:41]} 24. Kg2 {[%emt 0:02:24]} Qb6 {[%emt 0:02:09]} 25. h4 {[%emt 0:03:19]} Nf2 {[%emt 0:02:08]} 0-1